03746nam a2200493Ia 450000500170000000800410001702000180005804000350007604100080011108200190011910000360013824500870017425000230026126400390028430000620032333600270038533700330041233800280044549000830047350400570055665000650061365000800067865000390075894200120079799900150080995201280082495201320095295201340108495201310121895201320134995201290148195201320161095201340174295201310187695201300200795201350213795201370227295201320240995201320254195201780267395201330285195201340298495201340311820220317001954.0200115s2019 ck 000 0 spa d a9789587920925 aCO-BoRNBPbspaerdacCO-BoRNBP0 aspa04a658.314 bS81c1 aSuárez Uribe, Césareautor 11a¿Cómo lograr lo que todos dijeron que nunca podrías? cCésar Suárez Uribe aEdición especial 1aBogotá bEdiciones de la Uc2019 a133 páginas b ilustraciones en blanco y negro c 23 cm 2rdacontentatextobtxt 2rdamediaasin mediaciónbn 2rdacarrieravolumenbnc0 aPlan Nacional de Lectura y Escritura Leer es mi Cuento / Ministerio de Cultura aIncluye datos biográficos del autor en la solapa. 17aAptitud creadora en los negocios 2LEMBxRelatos personales 17aComunicación en administración de personal 2LEMBxRelatos personales 17aÉxito 2LEMBxRelatos personales 2ddccBK c8747d8747 00102ddc40708GENaMEGRANADbMEGRANADcGENd2022-10-14l0o658 S81CpGRA13276r2022-10-14 00:00:00tEj.1w2022-10-14yBK 00102ddc40708GENaMEDORADObMEDORADOcGENd2022-12-30l0o658.314 S81cpDOR00631r2022-12-30 00:00:00tEj.1w2022-12-30yBK 00102ddc40708GENaMEGUAMALbMEGUAMALcGENd2023-03-24l0o658.314 S81cpGUA002720r2023-03-24 00:00:00tEj.1w2023-03-24yBK 00102ddc40708GENaMEPLLERASbMEPLLERAScGENd2023-06-16o658.314 S81cpPLL00680r2023-06-16 00:00:00tEj.1w2023-06-16yBK 00102ddc40708GENaMEMACAREbMEMACAREcGENd2023-07-18l0o568.314 S81cpLM00286r2023-07-18 13:56:53tEj.1w2023-07-18yBK 00102ddc40708GENaMECUBARRbMECUBARRcGENd2023-08-11l0o658 S81C pCUB02788r2023-08-11 15:23:40tEj.1w2023-08-11yBK 00102ddc40708GENaMESMARTIbMESMARTIcGENd2023-08-14l0o658.314 S81cpSM001606r2023-08-14 19:21:37tEj.1w2023-08-14yBK 00102ddc40708GENaMEMAPIRIbMEMAPIRIcGENd2024-01-05l0o658.314 S81cpMAP0000808r2024-01-05 15:54:03tEj.1w2024-01-05yBK 00102ddc40708GENaMECUMARAbMECUMARAcGENd2024-06-14l0o658.314S81cpCUM00540r2024-06-14 10:21:35tEj.1w2024-06-14yBK 00102ddc40708GENaMEURIBEbMEURIBEcGENd2024-08-09l0o658.314 S81cpURI00832r2024-08-09 11:52:23tEj.1w2024-08-09yBK 00102ddc40708GENaMECASARIbMECASARIcGENd2024-11-10l0o658.314 S81CpBM0001489r2024-11-10 10:05:37tEj.1w2024-11-10yBK 001040708001aMEVIGERRbMEVIGERRcGENd2021-02-15o158.1 S81cpECA27744r2024-11-26 09:36:53tEj.1w2024-11-26yBKz20622 | 26695 00102ddc40708GENaMECASTILbMECASTILcGENd2025-07-08l0o658.314 S81cpEC01765r2025-07-08 15:52:58tEj.1w2025-07-08yBK 00102ddc40708GENaMEBAUPIAbMEBAUPIAcGENd2025-07-08l0o658.314 S81cpBUP1783r2025-07-08 16:21:20tEj.1w2025-07-08yBK 00102ddc40708GENaMEMACYARIbMEMACYARIcGENd2025-06-12eministerio de culturaf9789587920925l0o658.314 S81cp9789587920925r2025-07-15 09:50:00tEj.1w2025-07-15yBK 00102ddc40708GENaMEPLOPEZbMEPLOPEZcGENd2025-07-22l0o658.314 S81cpPLZ02520r2025-07-22 14:35:19tEj.1w2025-07-22yBK 00102ddc40708GENaMEMAPJGAbMEMAPJGAcGENd2025-11-07l0o658.314 S81cpMPJG00912r2025-11-07 20:10:32tEj.1w2025-11-07yBK 00102lcc40708GENaMEPCONCObMEPCONCOcGENd2026-02-19l0o658.314 S81cpPCON02171r2026-02-19 15:58:00tEj.1w2026-02-19yBK